[Event "Liga Madrileña - DH 2015-2016"]
[Site "Madrid ESP"]
[Date "2015.12.13"]
[Round "3.25"]
[White "Alcazar Jimenez, Jesus Alberto"]
[Black "Vazquez Torres, Adrian"]
[Result "0-1"]
[WhiteElo "2196"]
[BlackElo "2205"]
[PlyCount "72"]
[EventDate "2015.11.22"]
[EventType "team-tourn"]
[EventRounds "14"]
[EventCountry "ESP"]
[Source "lmi"]
[SourceDate "2015.11.22"]
[WhiteTeam "Blanco y Negro"]
[BlackTeam "Virgen de Atocha"]
[WhiteTeamCountry "ESP"]
[BlackTeamCountry "ESP"]

1. d4 Nf6 2. Bg5 d6 3. Bxf6 gxf6 4. Nf3 Bg7 5. g3 h5 6. Bg2 c6 7. Nc3 Qb6 8.
Rb1 d5 9. e3 a5 10. Nh4 a4 11. a3 f5 12. Bf3 Bf6 13. Ng2 h4 14. Nxh4 Bxh4 15.
gxh4 Rxh4 16. Ne2 Nd7 17. Nf4 Nf6 18. h3 Be6 19. Qd2 Qc7 20. Rg1 O-O-O 21. Qb4
Rxf4 22. exf4 Qxf4 23. Ke2 Ne4 24. b3 c5 25. Qa5 cxd4 26. Bxe4 dxe4 27. Qa8+
Kc7 28. Qa5+ b6 29. Qa7+ Kc6 30. Qxa4+ Kb7 31. Qb4 d3+ 32. cxd3 exd3+ 33. Kf1
Qf3 34. Qd2 Qxh3+ 35. Ke1 Qf3 36. Kf1 f4 0-1

[Event "Liga Madrileña - DH 2015-2016"]
[Site "Madrid ESP"]
[Date "2015.12.13"]
[Round "3.26"]
[White "Perez de Aranda, Leonardo Ivan"]
[Black "Iagar, Razvan Gabriel"]
[Result "1/2-1/2"]
[WhiteElo "2078"]
[BlackElo "2150"]
[PlyCount "78"]
[EventDate "2015.11.22"]
[EventType "team-tourn"]
[EventRounds "14"]
[EventCountry "ESP"]
[Source "lmi"]
[SourceDate "2015.11.22"]
[WhiteTeam "Virgen de Atocha"]
[BlackTeam "Blanco y Negro"]
[WhiteTeamCountry "ESP"]
[BlackTeamCountry "ESP"]

1. e4 e6 2. d4 d5 3. Nd2 c5 4. Ngf3 cxd4 5. Nxd4 Nc6 6. Nxc6 bxc6 7. e5 Qc7 8.
Nf3 Ne7 9. Bd3 c5 10. c3 Nc6 11. O-O Be7 12. Bf4 a5 13. Qe2 Qb6 14. b3 Ba6 15.
Nd2 Bxd3 16. Qxd3 O-O 17. Rae1 a4 18. Re3 axb3 19. Rh3 g6 20. axb3 f6 21. exf6
Bxf6 22. Bh6 Rf7 23. Re3 Ne7 24. g4 Qa6 25. Qxa6 Rxa6 26. Rfe1 e5 27. c4 d4 28.
Rf3 Bh8 29. Rxf7 Kxf7 30. Ne4 Ng8 31. Bd2 Nf6 32. Ng5+ Kg8 33. Rxe5 h6 34. Ne4
Nxg4 35. Rxc5 Re6 36. Rc8+ Kh7 37. Rc7+ Kg8 38. Rc8+ Kh7 39. Rc7+ Kg8 1/2-1/2

[Event "Liga Madrileña - DH 2015-2016"]
[Site "Madrid ESP"]
[Date "2015.12.12"]
[Round "3.31"]
[White "Perez Mitjans, Orelvis"]
[Black "Candela Perez, Jose"]
[Result "1-0"]
[WhiteElo "2478"]
[BlackElo "2412"]
[PlyCount "75"]
[EventDate "2015.11.22"]
[EventType "team-tourn"]
[EventRounds "14"]
[EventCountry "ESP"]
[Source "lmi"]
[SourceDate "2015.11.22"]
[WhiteTeam "64 Villalba"]
[BlackTeam "La Casa del Ajedrez"]
[WhiteTeamCountry "ESP"]
[BlackTeamCountry "ESP"]

1. e4 c5 2. Nf3 d6 3. d4 cxd4 4. Nxd4 Nf6 5. Nc3 a6 6. g3 e6 7. Bg2 Be7 8. O-O
O-O 9. a4 Qc7 10. a5 Nc6 11. Nb3 Ne5 12. f4 Nc4 13. Kh1 Rd8 14. f5 h6 15. Qe2
Bd7 16. g4 Nh7 17. Qe1 Bf6 18. h4 Bc6 19. Qe2 Bb5 20. Nxb5 axb5 21. fxe6 fxe6
22. g5 hxg5 23. hxg5 Bxg5 24. Bxg5 Nxg5 25. Qh5 Qe7 26. Rf4 Ne5 27. Rh4 Nef7
28. Rf1 Rac8 29. Nd4 Rc4 30. c3 b4 31. Bh3 Rxd4 32. cxd4 d5 33. e5 Rc8 34. Qg6
b3 35. Rh5 Rc2 36. Rg1 Qb4 37. Rhxg5 Nxg5 38. Qxg5 1-0

[Event "Liga Madrileña - DH 2015-2016"]
[Site "Madrid ESP"]
[Date "2015.12.12"]
[Round "3.32"]
[White "Gallego Jimenez, Victoriano"]
[Black "Longa Yauca, Javier"]
[Result "1/2-1/2"]
[WhiteElo "2362"]
[BlackElo "2232"]
[PlyCount "139"]
[EventDate "2015.11.22"]
[EventType "team-tourn"]
[EventRounds "14"]
[EventCountry "ESP"]
[Source "lmi"]
[SourceDate "2015.11.22"]
[WhiteTeam "La Casa del Ajedrez"]
[BlackTeam "64 Villalba"]
[WhiteTeamCountry "ESP"]
[BlackTeamCountry "ESP"]

1. d4 Nf6 2. c4 e6 3. Nf3 d6 4. Nc3 Nbd7 5. e4 e5 6. d5 Nc5 7. Qc2 a5 8. Be2
Be7 9. Be3 b6 10. Nd2 Ng4 11. Bxg4 Bxg4 12. O-O O-O 13. a3 Bg5 14. b4 Nd7 15.
Qd3 Qe7 16. f3 Bh5 17. Nb5 Rfc8 18. Nb3 a4 19. Nd2 Bxe3+ 20. Qxe3 f6 21. Nc3
Be8 22. Ne2 Rcb8 23. Rac1 Nf8 24. Rc3 Bd7 25. Rfc1 f5 26. exf5 Bxf5 27. Ng3 Bg6
28. f4 Nd7 29. f5 Bf7 30. Nde4 h6 31. f6 Nxf6 32. Nf5 Qd8 33. Qg3 Nh5 34. Nxh6+
Kf8 35. Nxf7 Nxg3 36. Nxd8 Ne2+ 37. Kf2 Nxc1 38. Ne6+ Ke7 39. Rxc1 c6 40. Nxg7
Rf8+ 41. Ke3 Rac8 42. dxc6 Rf7 43. Nh5 Rxc6 44. b5 Rc8 45. Nc3 Ke6 46. Ne4 Rfc7
47. Kd3 Rh8 48. g4 Rf8 49. Ke3 Rfc8 50. Rf1 Rxc4 51. Rf6+ Ke7 52. Nhg3 Rc3+ 53.
Kd2 Rxg3 54. hxg3 Rc4 55. Rxd6 Rxe4 56. Rxb6 Rxg4 57. Ra6 Kd7 58. Ke2 Rxg3 59.
Rxa4 Rb3 60. Ra7+ Kc8 61. a4 Kb8 62. Ra6 Kb7 63. Kd2 e4 64. Kc2 Ra3 65. Kb2 Rd3
66. Re6 e3 67. a5 Rd5 68. a6+ Ka7 69. Re7+ Ka8 70. Rxe3 1/2-1/2

[Event "Liga Madrileña - DH 2015-2016"]
[Site "Madrid ESP"]
[Date "2015.12.12"]
[Round "3.33"]
[White "Cabanas Jimenez, Andres"]
[Black "Elguezabal Varela, Daniel"]
[Result "0-1"]
[WhiteElo "2245"]
[BlackElo "2363"]
[PlyCount "59"]
[EventDate "2015.11.22"]
[EventType "team-tourn"]
[EventRounds "14"]
[EventCountry "ESP"]
[Source "lmi"]
[SourceDate "2015.11.22"]
[WhiteTeam "64 Villalba"]
[BlackTeam "La Casa del Ajedrez"]
[WhiteTeamCountry "ESP"]
[BlackTeamCountry "ESP"]

1. e4 c5 2. Nc3 e6 3. g3 Nc6 4. Bg2 Nf6 5. f4 d5 6. e5 Nd7 7. d3 Be7 8. Nf3 O-O
9. O-O f6 10. Re1 fxe5 11. fxe5 a6 12. h4 Qe8 13. Bf4 b5 14. Ng5 Bxg5 15. Bxg5
Nb6 16. Bf4 Bb7 17. Nb1 Ne7 18. h5 Qd7 19. Qg4 Nf5 20. Nd2 Kh8 21. Nf3 d4 22.
Nh4 Bxg2 23. Nxg2 Nd5 24. Bg5 Rf7 25. Re2 Raf8 26. Rae1 Nh6 27. Qh4 Rf3 28. g4
Qf7 29. Re4 Rf2 30. R1e2 0-1

[Event "Liga Madrileña - DH 2015-2016"]
[Site "Madrid ESP"]
[Date "2015.12.12"]
[Round "3.34"]
[White "Suarez Uriel, Adrian"]
[Black "Ruperez Benito, Antonio"]
[Result "1-0"]
[WhiteElo "2278"]
[BlackElo "2218"]
[PlyCount "83"]
[EventDate "2015.11.22"]
[EventType "team-tourn"]
[EventRounds "14"]
[EventCountry "ESP"]
[Source "lmi"]
[SourceDate "2015.11.22"]
[WhiteTeam "La Casa del Ajedrez"]
[BlackTeam "64 Villalba"]
[WhiteTeamCountry "ESP"]
[BlackTeamCountry "ESP"]

1. e4 e6 2. d4 d5 3. Bd3 Nf6 4. e5 Nfd7 5. Nf3 c5 6. c3 Nc6 7. O-O Be7 8. a3 a5
9. a4 g5 10. Be3 g4 11. Ne1 h5 12. Na3 Qb6 13. Nb5 c4 14. Bc2 Na7 15. Nxa7 Qxa7
16. f4 Qb6 17. Rb1 Qc6 18. f5 Nb6 19. f6 Bf8 20. b3 cxb3 21. Bxb3 Qxc3 22. Nd3
Bh6 23. Bxh6 Rxh6 24. Nc5 Nd7 25. Rc1 Qe3+ 26. Kh1 Nxc5 27. Rxc5 Bd7 28. Re1
Qf4 29. Qd3 Bc6 30. Rf1 Qg5 31. Qc3 Kd7 32. Bxd5 exd5 33. Rxc6 bxc6 34. Qc5 Rb8
35. Qd6+ Kc8 36. Qxc6+ Kd8 37. Qd6+ Kc8 38. Qf8+ Kc7 39. Qxf7+ Kc6 40. Qe6+ Kc7
41. Qd6+ Kc8 42. e6 1-0

[Event "Liga Madrileña - DH 2015-2016"]
[Site "Madrid ESP"]
[Date "2015.12.12"]
[Round "3.35"]
[White "Blanco Samaniego, Alejandro"]
[Black "Collado Barbas, Laura"]
[Result "1-0"]
[WhiteElo "1868"]
[BlackElo "2121"]
[PlyCount "151"]
[EventDate "2015.11.22"]
[EventType "team-tourn"]
[EventRounds "14"]
[EventCountry "ESP"]
[Source "lmi"]
[SourceDate "2015.11.22"]
[WhiteTeam "64 Villalba"]
[BlackTeam "La Casa del Ajedrez"]
[WhiteTeamCountry "ESP"]
[BlackTeamCountry "ESP"]

1. e4 e6 2. d4 d5 3. Nc3 Bb4 4. e5 b6 5. a3 Bf8 6. f4 Qd7 7. Nf3 Bb7 8. Bb5 c6
9. Bd3 c5 10. Be3 Nc6 11. O-O Nh6 12. Bf2 Ng4 13. Kh1 Nxf2+ 14. Rxf2 a5 15. Bb5
cxd4 16. Nxd4 Bc5 17. Nce2 O-O 18. Rf3 Rac8 19. c3 Qd8 20. Rh3 Bxd4 21. Nxd4
Nxd4 22. Qxd4 g6 23. Qe3 f5 24. Rd1 Qc7 25. Rg3 Rfd8 26. Rd4 Bc6 27. Be2 b5 28.
h4 Kf7 29. Rh3 Qe7 30. Qg3 h6 31. Qf2 Rh8 32. h5 g5 33. g4 Rhg8 34. Rg3 gxf4
35. Qxf4 Qg5 36. Kg2 Rcf8 37. gxf5 Qxg3+ 38. Qxg3 Rxg3+ 39. Kxg3 exf5 40. Kf4
Ke6 41. Bd3 Be8 42. b3 Bxh5 43. Bxb5 Rg8 44. Bc6 Rg4+ 45. Ke3 Rg3+ 46. Kd2 Kxe5
47. Rxd5+ Ke6 48. Rxa5 Bg6 49. Bd5+ Kd6 50. Bc4 f4 51. Rd5+ Ke7 52. Rd4 Rg2+
53. Ke1 f3 54. Rf4 Bh5 55. Bd5 Re2+ 56. Kf1 Rc2 57. Bxf3 Bf7 58. c4 Rc3 59. Bd1
Rc1 60. Rd4 Bg6 61. Kf2 Rc3 62. a4 h5 63. a5 Rc1 64. b4 Ra1 65. Kg3 Bf7 66. Kf4
Ra3 67. Kg5 Rg3+ 68. Kh4 Rg1 69. a6 Rh1+ 70. Kg3 Rg1+ 71. Kf2 Rg6 72. b5 Rf6+
73. Ke3 Bg6 74. a7 Re6+ 75. Kd2 Be4 76. Rxe4 1-0

[Event "Liga Madrileña - DH 2015-2016"]
[Site "Madrid ESP"]
[Date "2015.12.12"]
[Round "3.36"]
[White "Unciti Juan, Javier"]
[Black "Palomino Menendez, Salvador"]
[Result "1-0"]
[WhiteElo "2050"]
[BlackElo "1888"]
[PlyCount "77"]
[EventDate "2015.11.22"]
[EventType "team-tourn"]
[EventRounds "14"]
[EventCountry "ESP"]
[Source "lmi"]
[SourceDate "2015.11.22"]
[WhiteTeam "La Casa del Ajedrez"]
[BlackTeam "64 Villalba"]
[WhiteTeamCountry "ESP"]
[BlackTeamCountry "ESP"]

1. d4 Nf6 2. Bf4 d6 3. e3 c6 4. Nd2 Qc7 5. Ngf3 Bg4 6. h3 Bh5 7. Be2 Nbd7 8.
O-O h6 9. c4 g5 10. Bg3 Bg7 11. c5 O-O 12. Nc4 Ne8 13. e4 b5 14. Ne3 Bg6 15.
Bd3 e5 16. cxd6 Qxd6 17. dxe5 Nxe5 18. Nxe5 Bxe5 19. Bxe5 Qxe5 20. Qc2 Qe6 21.
f4 gxf4 22. Rxf4 Qd6 23. Rf3 Nf6 24. Rd1 Qe5 25. Qxc6 Nxe4 26. Ng4 Qd4+ 27. Kh1
Ng5 28. Nxh6+ Kg7 29. Nf5+ Bxf5 30. Rxf5 Ne6 31. Qf3 Rad8 32. Bc2 Qh4 33. Qc3+
f6 34. Rxd8 Rxd8 35. Bb3 b4 36. Qe3 Nd4 37. Rf4 Qh6 38. Rg4+ Kh7 39. Qe7+ 1-0

[Event "Liga Madrileña - DH 2015-2016"]
[Site "Madrid ESP"]
[Date "2015.12.13"]
[Round "3.41"]
[White "Vazquez Igarza, Renier"]
[Black "Valles Moreno, Ivan"]
[Result "1/2-1/2"]
[WhiteElo "2565"]
[BlackElo "2427"]
[PlyCount "71"]
[EventDate "2015.11.22"]
[EventType "team-tourn"]
[EventRounds "14"]
[EventCountry "ESP"]
[Source "lmi"]
[SourceDate "2015.11.22"]
[WhiteTeam "Collado Villalba"]
[BlackTeam "Liberty Chess"]
[WhiteTeamCountry "ESP"]
[BlackTeamCountry "ESP"]

1. Nf3 Nf6 2. d4 d6 3. g3 g6 4. Bg2 Bg7 5. c4 O-O 6. Nc3 Nc6 7. O-O Bf5 8. Ne1
Re8 9. e3 Na5 10. e4 Bg4 11. f3 Bd7 12. b3 c5 13. Nc2 e5 14. dxe5 dxe5 15. Bg5
h6 16. Be3 b6 17. Qd2 Bc6 18. Bxh6 Qxd2 19. Bxd2 Rad8 20. Rfd1 Nh7 21. Be1 Nb7
22. Rxd8 Nxd8 23. Nd5 Ne6 24. Bd2 f5 25. h4 fxe4 26. fxe4 Nd4 27. Nce3 Bh6 28.
Rf1 Bxd5 29. cxd5 b5 30. Bh3 Rf8 31. Rxf8+ Kxf8 32. Kf2 Nf6 33. Bg2 Bxe3+ 34.
Kxe3 Ng4+ 35. Kd3 Nf2+ 36. Ke3 1/2-1/2

[Event "Liga Madrileña - DH 2015-2016"]
[Site "Madrid ESP"]
[Date "2015.12.13"]
[Round "3.42"]
[White "Perez Gonzalez, Jose Manuel"]
[Black "Arribas Lopez, Angel"]
[Result "0-1"]
[WhiteElo "2340"]
[BlackElo "2526"]
[PlyCount "106"]
[EventDate "2015.11.22"]
[EventType "team-tourn"]
[EventRounds "14"]
[EventCountry "ESP"]
[Source "lmi"]
[SourceDate "2015.11.22"]
[WhiteTeam "Liberty Chess"]
[BlackTeam "Collado Villalba"]
[WhiteTeamCountry "ESP"]
[BlackTeamCountry "ESP"]

1. Nf3 Nf6 2. g3 b6 3. Bg2 Bb7 4. c4 g6 5. d4 Bg7 6. Nc3 O-O 7. O-O Ne4 8. Nxe4
Bxe4 9. b3 c5 10. Bb2 Nc6 11. e3 d5 12. Qc1 cxd4 13. Nxd4 Nxd4 14. Bxd4 Bxd4
15. exd4 Bxg2 16. Kxg2 dxc4 17. Qxc4 Rc8 18. Qa4 Rc7 19. Rad1 Qd5+ 20. Kg1 h5
21. h4 Rd8 22. Rfe1 e6 23. Rd2 Qf3 24. Qb5 Rd5 25. Qd3 Qf6 26. f4 Rcd7 27. Re4
Qe7 28. Qe3 Qb4 29. Kf2 Kg7 30. Rd3 b5 31. Qd2 Qd6 32. Re5 Rc7 33. Rxd5 Qxd5
34. Rc3 Rd7 35. Ke3 Qf5 36. Rc5 Rd5 37. Rxd5 exd5 38. Qd3 Qxd3+ 39. Kxd3 Kf6
40. b4 Kf5 41. Ke3 Kg4 42. Kf2 Kh3 43. f5 gxf5 44. Kf3 f6 45. Kf4 Kg2 46. Kxf5
Kxg3 47. Ke6 f5 48. Kxf5 Kxh4 49. Kf4 Kh3 50. Ke5 Kg4 51. Kxd5 h4 52. Kc6 h3
53. d5 h2 0-1

[Event "Liga Madrileña - DH 2015-2016"]
[Site "Madrid ESP"]
[Date "2015.12.13"]
[Round "3.43"]
[White "Moreno Ruiz, Javier"]
[Black "Gallardo Garcia, Andres"]
[Result "1-0"]
[WhiteElo "2435"]
[BlackElo "2327"]
[PlyCount "67"]
[EventDate "2015.11.22"]
[EventType "team-tourn"]
[EventRounds "14"]
[EventCountry "ESP"]
[Source "lmi"]
[SourceDate "2015.11.22"]
[WhiteTeam "Collado Villalba"]
[BlackTeam "Liberty Chess"]
[WhiteTeamCountry "ESP"]
[BlackTeamCountry "ESP"]

1. d4 d5 2. c4 c6 3. Nc3 dxc4 4. e4 b5 5. a4 b4 6. Nce2 Nf6 7. Ng3 Ba6 8. Nf3
e6 9. Bg5 Be7 10. Rc1 c3 11. bxc3 Bxf1 12. Kxf1 a5 13. c4 O-O 14. h4 Nbd7 15.
Rh3 c5 16. e5 Ng4 17. Nh5 f5 18. Nf4 Ra6 19. d5 Ndxe5 20. Nxe6 Rxe6 21. dxe6
Bxg5 22. Nxg5 Qe7 23. Qe2 h6 24. Nf3 Nxf3 25. gxf3 Nf6 26. Qe5 Rd8 27. Qxf5 Rd4
28. Kg2 Ne8 29. Rhh1 Nc7 30. Rhe1 Rxh4 31. Rcd1 Rd4 32. Rxd4 cxd4 33. Qxa5 d3
34. Qxc7 1-0

[Event "Liga Madrileña - DH 2015-2016"]
[Site "Madrid ESP"]
[Date "2015.12.13"]
[Round "3.44"]
[White "Sanchez Gonzalez, Sergio"]
[Black "Reyes Larena, Juan"]
[Result "0-1"]
[WhiteElo "2300"]
[BlackElo "2447"]
[PlyCount "122"]
[EventDate "2015.11.22"]
[EventType "team-tourn"]
[EventRounds "14"]
[EventCountry "ESP"]
[Source "lmi"]
[SourceDate "2015.11.22"]
[WhiteTeam "Liberty Chess"]
[BlackTeam "Collado Villalba"]
[WhiteTeamCountry "ESP"]
[BlackTeamCountry "ESP"]

1. Nf3 Nf6 2. g3 g6 3. Bg2 Bg7 4. O-O O-O 5. c4 d6 6. Nc3 e5 7. d4 Nbd7 8. dxe5
dxe5 9. Bg5 h6 10. Be3 e4 11. Nd2 Ng4 12. Ndxe4 Nxe3 13. fxe3 Ne5 14. Qb3 c6
15. c5 Rb8 16. Nd6 Be6 17. Qa4 a6 18. h3 Nd7 19. Rad1 Qg5 20. Qf4 Qxc5 21. Nce4
Qe5 22. b3 f5 23. Qxe5 Bxe5 24. Nf2 Bxg3 25. e4 Nc5 26. exf5 gxf5 27. e4 fxe4
28. Nfxe4 Nxe4 29. Nxe4 Bc7 30. Kh1 Rbd8 31. Nc5 Bc8 32. Rxf8+ Rxf8 33. Ne4 Kg7
34. Rd2 Re8 35. Kg1 a5 36. Kf2 Bf4 37. Rd1 Bc7 38. Rd2 Be6 39. Rd3 Rf8+ 40. Ke2
Bd5 41. Rd1 Bb6 42. Kd3 Kg6 43. Rf1 Rxf1 44. Bxf1 Kf5 45. Nc3 Be6 46. Ne2 Ke5
47. Ng3 Bf2 48. Ne2 Bf5+ 49. Kd2 h5 50. Bg2 h4 51. Bf1 b5 52. Bg2 c5 53. Nc1
Kd6 54. Bf1 b4 55. Nd3 Bd4 56. Bg2 Bc3+ 57. Ke2 a4 58. bxa4 c4 59. Nf4 b3 60.
axb3 cxb3 61. Nd5 Bd4 0-1

[Event "Liga Madrileña - DH 2015-2016"]
[Site "Madrid ESP"]
[Date "2015.12.13"]
[Round "3.45"]
[White "Martin Duque, Jesus"]
[Black "Fernandez Garcia, Miguel Angel"]
[Result "1-0"]
[WhiteElo "2347"]
[BlackElo "2334"]
[PlyCount "65"]
[EventDate "2015.11.22"]
[EventType "team-tourn"]
[EventRounds "14"]
[EventCountry "ESP"]
[Source "lmi"]
[SourceDate "2015.11.22"]
[WhiteTeam "Collado Villalba"]
[BlackTeam "Liberty Chess"]
[WhiteTeamCountry "ESP"]
[BlackTeamCountry "ESP"]

1. e4 Nf6 2. e5 Nd5 3. c4 Nb6 4. d4 d6 5. exd6 exd6 6. Nc3 Nc6 7. Be3 Be7 8.
Bd3 O-O 9. Nge2 Nb4 10. O-O Nxd3 11. Qxd3 g6 12. b3 Bf5 13. Qd2 c6 14. Ng3 Bc8
15. Rfe1 d5 16. c5 Nd7 17. Bh6 Re8 18. Bg5 f6 19. Bh6 b6 20. b4 Nf8 21. Re3 Bd7
22. Rae1 f5 23. f4 a5 24. Na4 bxc5 25. bxc5 Bf6 26. Nb6 Rb8 27. Rxe8 Bxe8 28.
Bg5 Kf7 29. Qe3 Bd7 30. Nf1 Bxg5 31. fxg5 Ne6 32. Qe5 Rb7 33. Nxd7 1-0

[Event "Liga Madrileña - DH 2015-2016"]
[Site "Madrid ESP"]
[Date "2015.12.13"]
[Round "3.46"]
[White "Suarez Triguero, Jose Alfonso"]
[Black "Ortega Ruiz, Jose Miguel"]
[Result "0-1"]
[WhiteElo "2063"]
[BlackElo "2288"]
[PlyCount "70"]
[EventDate "2015.11.22"]
[EventType "team-tourn"]
[EventRounds "14"]
[EventCountry "ESP"]
[Source "lmi"]
[SourceDate "2015.11.22"]
[WhiteTeam "Liberty Chess"]
[BlackTeam "Collado Villalba"]
[WhiteTeamCountry "ESP"]
[BlackTeamCountry "ESP"]

1. e4 d5 2. exd5 Qxd5 3. Nc3 Qa5 4. d4 Nf6 5. Qd3 c6 6. Bd2 Bf5 7. Qg3 Qd8 8.
O-O-O e6 9. Be2 Bd6 10. Qh4 Nbd7 11. Bg5 Qa5 12. Bd3 O-O-O 13. Bxf5 Qxf5 14. f3
h6 15. Be3 Nb6 16. Nge2 Nc4 17. Qf2 Qa5 18. Kb1 Bb4 19. Bc1 Na3+ 20. bxa3 Bxc3
21. Nxc3 Qxc3 22. Bb2 Qc4 23. Rhe1 Nd5 24. Qe2 b5 25. Qxc4 bxc4 26. c3 Nf4 27.
Re5 Rd5 28. Rxd5 cxd5 29. Kc2 Nxg2 30. Rg1 Ne3+ 31. Kd2 Nf5 32. a4 Kd7 33. Ba3
Rb8 34. a5 a6 35. Kc2 g5 0-1

[Event "Liga Madrileña - DH 2015-2016"]
[Site "Madrid ESP"]
[Date "2015.12.20"]
[Round "4.11"]
[White "Rubio Mejia, Luis Ignacio"]
[Black "Roa Alonso, Santiago"]
[Result "1-0"]
[WhiteElo "2457"]
[BlackElo "2380"]
[PlyCount "79"]
[EventDate "2015.11.22"]
[EventType "team-tourn"]
[EventRounds "14"]
[EventCountry "ESP"]
[Source "lmi"]
[SourceDate "2015.11.22"]
[WhiteTeam "Virgen de Atocha"]
[BlackTeam "Vallecas CDV"]
[WhiteTeamCountry "ESP"]
[BlackTeamCountry "ESP"]

1. d4 Nf6 2. c4 e6 3. Nc3 Bb4 4. e3 c5 5. Nge2 b6 6. a3 Ba5 7. Rb1 Na6 8. g3
Bb7 9. d5 b5 10. Bg2 bxc4 11. e4 exd5 12. exd5 O-O 13. O-O d6 14. Qa4 Bxc3 15.
bxc3 Qc8 16. Nf4 Rb8 17. h4 Qe8 18. Qa5 Qd8 19. Qa4 Nc7 20. Rd1 Bc6 21. dxc6
Rxb1 22. Qxc4 Qb8 23. Bf3 Qb5 24. Qa2 c4 25. Kg2 d5 26. Qc2 Qb3 27. Qf5 d4 28.
cxd4 Nb5 29. d5 Rxc1 30. Nh5 Nxh5 31. Rxc1 g6 32. Qe4 Nd6 33. Qe7 Qxa3 34. Bxh5
Qxc1 35. Qxd6 Qb2 36. c7 Qb7 37. Bg4 c3 38. Qc5 f5 39. Bf3 Qb6 40. c8=Q 1-0

[Event "Liga Madrileña - DH 2015-2016"]
[Site "Madrid ESP"]
[Date "2015.12.20"]
[Round "4.12"]
[White "Beltran de Heredia Eguiaz, Miguel Angel"]
[Black "Almagro Llamas, Pablo"]
[Result "1-0"]
[WhiteElo "2190"]
[BlackElo "2429"]
[PlyCount "61"]
[EventDate "2015.11.22"]
[EventType "team-tourn"]
[EventRounds "14"]
[EventCountry "ESP"]
[Source "lmi"]
[SourceDate "2015.11.22"]
[WhiteTeam "Vallecas CDV"]
[BlackTeam "Virgen de Atocha"]
[WhiteTeamCountry "ESP"]
[BlackTeamCountry "ESP"]

1. e4 c6 2. d4 d5 3. e5 Bf5 4. Nf3 e6 5. Be2 Nd7 6. O-O Ne7 7. Nbd2 Nc8 8. Nb3
Be7 9. a4 O-O 10. a5 a6 11. Be3 Na7 12. Bd3 Bxd3 13. Qxd3 Rc8 14. Nc5 Bxc5 15.
dxc5 f6 16. exf6 gxf6 17. Bh6 Rf7 18. Ra4 Kh8 19. Rg4 Qe7 20. b4 Nb5 21. Re1
Nc7 22. Qc3 e5 23. Nh4 f5 24. Rg5 Qe6 25. Rh5 d4 26. Qh3 f4 27. Nf5 Nf6 28. Nd6
Nxh5 29. Nxf7+ Kg8 30. Qxh5 Qxf7 31. Qg4+ 1-0

[Event "Liga Madrileña - DH 2015-2016"]
[Site "Madrid ESP"]
[Date "2015.12.20"]
[Round "4.13"]
[White "Espinosa Aranda, Angel"]
[Black "Montanes Arribas, Adrian"]
[Result "1-0"]
[WhiteElo "2401"]
[BlackElo "2173"]
[PlyCount "43"]
[EventDate "2015.11.22"]
[EventType "team-tourn"]
[EventRounds "14"]
[EventCountry "ESP"]
[Source "lmi"]
[SourceDate "2015.11.22"]
[WhiteTeam "Virgen de Atocha"]
[BlackTeam "Vallecas CDV"]
[WhiteTeamCountry "ESP"]
[BlackTeamCountry "ESP"]

1. Nf3 d5 2. g3 Nf6 3. Bg2 Bf5 4. O-O e6 5. c4 c6 6. d3 h6 7. Nc3 Nbd7 8. cxd5
cxd5 9. e4 dxe4 10. dxe4 Nxe4 11. Nd4 Nxc3 12. bxc3 Nc5 13. Nxf5 Qxd1 14. Rxd1
exf5 15. Rb1 Ne4 16. Rxb7 Bc5 17. Bxe4 fxe4 18. Rd5 Be7 19. Re5 O-O-O 20. Rexe7
Rd1+ 21. Kg2 Rxc1 22. Rxa7 1-0

[Event "Liga Madrileña - DH 2015-2016"]
[Site "Madrid ESP"]
[Date "2015.12.20"]
[Round "4.14"]
[White "Martin Garcia, Guillermo Li"]
[Black "Plazuelo Pascual, Juan"]
[Result "0-1"]
[WhiteElo "2165"]
[BlackElo "2351"]
[PlyCount "48"]
[EventDate "2015.11.22"]
[EventType "team-tourn"]
[EventRounds "14"]
[EventCountry "ESP"]
[Source "lmi"]
[SourceDate "2015.11.22"]
[WhiteTeam "Vallecas CDV"]
[BlackTeam "Virgen de Atocha"]
[WhiteTeamCountry "ESP"]
[BlackTeamCountry "ESP"]

1. e4 e6 2. d4 d5 3. exd5 exd5 4. Bd3 c5 5. dxc5 Bxc5 6. Nf3 Nf6 7. O-O O-O 8.
Nc3 h6 9. h3 Nc6 10. a3 a6 11. Ne2 Ba7 12. Ng3 Qc7 13. Nf5 Bxf5 14. Bxf5 Ne4
15. Qd3 Rfe8 16. Be3 g6 17. Nh4 Bb8 18. g3 Nxg3 19. fxg3 Rxe3 20. Qxe3 Ba7 21.
Qxa7 Nxa7 22. Bd3 Qxg3+ 23. Ng2 Re8 24. h4 Nc6 0-1

[Event "Liga Madrileña - DH 2015-2016"]
[Site "Madrid ESP"]
[Date "2015.12.20"]
[Round "4.15"]
[White "Horcajada Reales, Guillermo"]
[Black "Montoya Pecurul, Marc"]
[Result "0-1"]
[WhiteElo "2208"]
[BlackElo "2123"]
[PlyCount "68"]
[EventDate "2015.11.22"]
[EventType "team-tourn"]
[EventRounds "14"]
[EventCountry "ESP"]
[Source "lmi"]
[SourceDate "2015.11.22"]
[WhiteTeam "Virgen de Atocha"]
[BlackTeam "Vallecas CDV"]
[WhiteTeamCountry "ESP"]
[BlackTeamCountry "ESP"]

1. d4 Nf6 2. c4 g6 3. Nc3 d5 4. Bf4 Bg7 5. e3 O-O 6. Nf3 c5 7. dxc5 Ne4 8. Be5
Bxe5 9. Nxe5 Qc7 10. Qd4 Nxc3 11. bxc3 f6 12. Nd3 e5 13. Qxd5+ Kg7 14. Qd6 Qa5
15. Nb4 Nc6 16. Qd2 Rd8 17. Qb2 Bg4 18. h3 Bf5 19. Nd5 Qxc5 20. Qxb7+ Kh6 21.
Nxf6 Ne7 22. Be2 Rab8 23. Qf3 e4 24. Nxe4 Qe5 25. O-O Bxe4 26. Qg3 Qxg3 27.
fxg3 Rb2 28. Bf3 Bxf3 29. Rxf3 Rdd2 30. e4 Rxg2+ 31. Kh1 Nc6 32. Rd1 Ne5 33.
Rf4 Rh2+ 34. Kg1 Rxh3 0-1

[Event "Liga Madrileña - DH 2015-2016"]
[Site "Madrid ESP"]
[Date "2015.12.20"]
[Round "4.16"]
[White "Ambrona Castellanos, Miguel"]
[Black "Vazquez Torres, Adrian"]
[Result "1/2-1/2"]
[WhiteElo "2055"]
[BlackElo "2205"]
[PlyCount "99"]
[EventDate "2015.11.22"]
[EventType "team-tourn"]
[EventRounds "14"]
[EventCountry "ESP"]
[Source "lmi"]
[SourceDate "2015.11.22"]
[WhiteTeam "Vallecas CDV"]
[BlackTeam "Virgen de Atocha"]
[WhiteTeamCountry "ESP"]
[BlackTeamCountry "ESP"]

1. e4 c5 2. Nf3 d6 3. d4 cxd4 4. Nxd4 Nf6 5. Nc3 a6 6. Bg5 e6 7. f4 Qb6 8. Qd2
Qxb2 9. Rb1 Qa3 10. f5 Nc6 11. fxe6 fxe6 12. Nxc6 bxc6 13. Be2 Qa5 14. O-O Be7
15. Kh1 Qc7 16. Bxf6 gxf6 17. Bh5+ Kd8 18. Qh6 Qa5 19. Ne2 Qg5 20. Qxg5 fxg5
21. Nd4 Bd7 22. Bg4 h5 23. Bxe6 Bxe6 24. Nxe6+ Kd7 25. Nd4 Rab8 26. Rb3 Rxb3
27. axb3 Rf8 28. Rxf8 Bxf8 29. Kg1 c5 30. Ne2 Ke6 31. Kf2 Bh6 32. h3 Ke5 33.
Kf3 g4+ 34. hxg4 hxg4+ 35. Kxg4 Kxe4 36. Kh5 Bf8 37. g4 Ke3 38. Nc3 Kd2 39. Nd5
Kxc2 40. Kg6 a5 41. g5 c4 42. bxc4 a4 43. Kf7 Kb3 44. Kxf8 a3 45. g6 a2 46. g7
a1=Q 47. g8=Q Qa8+ 48. Kf7 Qxg8+ 49. Kxg8 Kxc4 50. Ne7 1/2-1/2